[Event "TCh-FRA Top 16"]
[Site "Montpellier FRA"]
[Date "2007.04.30"]
[Round "6"]
[White "Martsynovskaya,M"]
[Black "Muller,A"]
[Result "1-0"]
[WhiteElo "2227"]
[BlackElo "2187"]

1.e4 c5 2.Nf3 d6 3.d4 cxd4 4.Nxd4 Nf6 5.Nc3 Nc6 6.Bg5 e6 7.Qd2 Be7 8.Be2 O-O
9.O-O-O Nxd4 10.Qxd4 Qa5 11.f4 Bd7 12.e5 dxe5 13.fxe5 Bc6 14.Bd3 Nd5 15.Bxe7 Nxe7
16.Rhe1 Ng6 17.g3 Rac8 18.h4 Rfd8 19.Qe3 b5 20.a3 b4 21.axb4 Qxb4 22.h5 Nf8
23.h6 Qg4 24.hxg7 Qxg7 25.Qxa7 Ra8 26.Qe3 Ng6 27.Qg5 Rdc8 28.Bxg6 hxg6 29.Rd6 Bf3
30.Re3 Bb7 31.Red3 Bg2 32.b4 Rab8 33.Rd8+ Rxd8 34.Rxd8+ Rxd8 35.Qxd8+ Kh7
36.Qd4 Qf8 37.Kb2 Kg7 38.Nb5 Qa8 39.Nd6 g5 40.b5 Qf3 41.Qc3 Qf2 42.Qc7 Qd4+
43.Ka3 Qa1+ 44.Kb4 Qb2+ 45.Ka5 Qa3+ 46.Kb6 Qe3+ 47.Ka6 Qa3+ 48.Qa5 Qxg3 49.b6 g4
50.Qb4 Bf3 51.Ne4 Bxe4 52.Qxe4 Qa3+ 53.Kb5 Qb2+ 54.Kc6 Qc3+ 55.Kd7 Qf3 56.Qc6 Qxc6+
57.Kxc6 g3 58.b7 g2 59.b8=Q g1=Q 60.c4 Qd4 61.c5 Qe4+ 62.Kd7 Qd5+ 63.Qd6 Qb7+
64.Qc7 Qb5+ 65.c6 Kg6 66.Ke8 f5 67.Qf7+ Kg5 68.Qxe6 f4 69.Kf7 f3 70.c7 f2
71.Qf6+ Kh5 72.c8=Q f1=Q 73.Qh8+  1-0

[Event "TCh-RUS HL"]
[Site "Sochi RUS"]
[Date "2007.05.03"]
[Round "1"]
[White "Benza,A"]
[Black "Kiselev,G"]
[Result "1/2-1/2"]
[WhiteElo "2320"]
[BlackElo "2424"]

1.e4 c5 2.Nf3 d6 3.d4 cxd4 4.Nxd4 Nf6 5.Nc3 Nc6 6.Bg5 Bd7 7.Qd2 Rc8 8.O-O-O Nxd4
9.Qxd4 Qa5 10.Bxf6 gxf6 11.Kb1 Bh6 12.g3 Qc5 13.f4 Qxd4 14.Rxd4 Rc5 15.f5 Re5
16.Nd5 Bc6 17.Bg2 Rg8 18.Bf3 Kf8 19.a3 Bxd5 20.Rxd5 Be3 21.Rhd1 Kg7 22.c3 Rc8
23.Kc2 Bb6 24.b4 Bc7 25.Kb3 Rh8 26.a4 h5 27.a5 h4 28.R5d2 hxg3 29.hxg3 Rh3
30.Rg1 Rh8 31.Rh1 Rxh1 32.Bxh1 Kf8 33.Bf3 Bd8 34.Rd4 Ke8 35.Be2 Bc7 36.Bc4 e6
37.g4 Ke7 38.Be2 b6 39.a6 exf5 40.gxf5 d5 41.Bf3 dxe4 42.Bxe4 Bd6 43.Bd3 Re3
44.Kc4 Be5 45.Rd5 Ke8 46.Kb3 Ke7 47.c4 Bd6 48.Ka4 Re5 49.Rd4 Kd7 50.Be4 Kc7
51.Bc2 Re2 52.Bb3 Re1 53.Bd1 Re5 54.Rh4 Re1 55.Rd4  1/2-1/2

[Event "TCh-RUS HL"]
[Site "Sochi RUS"]
[Date "2007.05.03"]
[Round "1"]
[White "Ivanov,Al3"]
[Black "Pogromsky,M"]
[Result "1/2-1/2"]
[WhiteElo "2425"]
[BlackElo "2405"]

1.e4 c5 2.Nf3 d6 3.d4 cxd4 4.Nxd4 Nf6 5.Nc3 Nc6 6.Bg5 Bd7 7.Qd2 Rc8 8.Nb3 Ne5
9.O-O-O h6 10.Bxf6 gxf6 11.f4 h5 12.Kb1 Bh6 13.Nd5 Nc4 14.Bxc4 Rxc4 15.Qe2 Qc8
16.h3 h4 17.Nd4 Bf8 18.e5 Rc5 19.Nb3 Rxc2 20.Qxc2 Bf5 21.Rd3 Qxc2+ 22.Kxc2 fxe5
23.fxe5 Rg8 24.exd6 Rxg2+ 25.Kc3 Bg7+ 26.Nd4 Bxd3 27.Kxd3 e6 28.Ne3 Rxb2
29.Rc1 Rxa2 30.Nb5 Bf6 31.Ng4 Bd8 32.Ne5 Ra5 33.Nc7+ Kf8 34.Nd7+ Kg7 35.Nc5 Ra3+
36.Ke4 Bg5 37.Rg1 Re3+ 38.Kd4 Rg3 39.Rxg3 hxg3 40.N7xe6+ fxe6 41.Nxe6+ Kf6
42.Nxg5 g2 43.Nf3 Ke6 44.Ke3 Kxd6 45.Kf2 a5 46.Nd4 a4 47.Kxg2 Kc5 48.Ne2 a3
49.Nc1 Kd4 50.h4 Ke5 51.Na2 b5 52.Nb4 Kf5 53.Kf3 Kg6 54.Kg4 Kh6 55.h5 Kh7
56.Kg5 Kg7 57.Kh4 Kh7 58.Kg5 Kg7 59.h6+ Kh7 60.Kh5 Kg8  1/2-1/2

[Event "TCh-RUS HL"]
[Site "Sochi RUS"]
[Date "2007.05.07"]
[Round "5"]
[White "Abasheev,D"]
[Black "Ivanov,Al3"]
[Result "1/2-1/2"]
[WhiteElo "2419"]
[BlackElo "2425"]

1.e4 c5 2.Nf3 d6 3.d4 Nf6 4.Nc3 cxd4 5.Nxd4 Nc6 6.Bg5 e6 7.Qd2 a6 8.O-O-O Nxd4
9.Qxd4 Be7 10.f4 b5 11.Be2 Bb7 12.Bf3 Rc8 13.Bxf6 gxf6 14.f5 Qc7 15.fxe6 fxe6
16.Bg4 Kf7 17.Bh5+ Kg7 18.Bg4 Kf7 19.Bh5+  1/2-1/2

[Event "TCh-RUS w"]
[Site "Sochi RUS"]
[Date "2007.05.08"]
[Round "8"]
[White "Kirillova,V"]
[Black "Bronnikova,E"]
[Result "0-1"]
[WhiteElo "2251"]
[BlackElo "2287"]

1.e4 c5 2.Nf3 d6 3.d4 cxd4 4.Nxd4 Nf6 5.Nc3 Nc6 6.Bg5 Bd7 7.Qd2 Rc8 8.O-O-O Nxd4
9.Qxd4 Qa5 10.f4 Rxc3 11.bxc3 e5 12.Qb4 Qxb4 13.cxb4 Nxe4 14.Bc4 h6 15.Bh4 g5
16.fxg5 hxg5 17.Be1 f5 18.b5 g4 19.a4 Bh6+ 20.Kb1 Be3 21.Bd5 Nc5 22.Bb4 b6
23.Rhe1 f4 24.h3 gxh3 25.gxh3 Ke7 26.Rh1 Nxa4 27.Bxd6+ Kxd6 28.Bb3+ Bd4 29.Bxa4 Bf5
30.h4 Kc5 31.Rdf1 Bg4 32.Rh2 f3 33.c3 Be3 34.Bc2 Kxb5 35.Be4 f2 36.Kc2 Kc4
37.Bd3+ Kd5 38.Rb1 e4 39.Bf1 Bc5 40.h5 Rxh5 41.Rxh5+ Bxh5 42.Ra1 a5 43.Ra4 Bf3
44.Kd2 Ke5 45.Be2 Bg2 46.Ra1 a4 47.Kc2 a3 48.Rd1 Kf4 49.Bc4 Bf3 50.Rd7 e3
51.Rf7+ Kg3 52.Rg7+ Kh2 53.Rh7+ Kg1 54.Rg7+ Bg2 55.Kd1 f1=Q+ 56.Bxf1 Kxf1
57.Rf7+ Kg1 58.Ke2 a2 59.Ra7 Bd5 60.Rg7+ Kh2  0-1

[Event "Grand Prix Open"]
[Site "Galatzi ROM"]
[Date "2007.05.09"]
[Round "2"]
[White "Chirila,I"]
[Black "Nevednichy,V"]
[Result "1-0"]
[WhiteElo "2314"]
[BlackElo "2528"]

1.e4 c5 2.Nf3 d6 3.d4 cxd4 4.Nxd4 Nf6 5.Nc3 Nc6 6.Bg5 e6 7.Qd2 a6 8.O-O-O Bd7
9.f4 b5 10.Bxf6 gxf6 11.Kb1 b4 12.Nce2 Qb6 13.Nxc6 Bxc6 14.f5 e5 15.Ng3 Qc5
16.Nh5 Ke7 17.Bd3 Rg8 18.Rhg1 Rg5 19.Qe2 Bh6 20.g4 Rgg8 21.Rg3 Bg5 22.Bc4 Rgc8
23.b3 Bb5 24.Bd3 Rc7 25.Rg2 h6 26.Qe1 Qc3 27.Qf2 Qc5 28.Qe1 Rac8 29.h4 Bf4
30.Bxb5 Qxb5 31.Nxf4 exf4 32.Qd2 Qe5 33.Qxb4 a5 34.Qd4 Rc3 35.Rf2 R8c7 36.a4 Re3
37.Qb6 Qc5 38.Qxc5 dxc5 39.Rd3 Rxe4 40.Rdf3 c4 41.Rxf4 Rxf4 42.Rxf4 cxb3
43.cxb3 Kd6 44.Kb2 Kd5 45.Rf2 Re7 46.Rd2+ Kc6 47.Rc2+ Kd5 48.Rc4 Re2+ 49.Ka3 Rg2
50.Rc7 Rxg4 51.Rxf7 Ke5 52.Ra7 Rxh4 53.Rxa5+ Ke4 54.Rc5 Rh1 55.a5 h5 56.Kb2 Rg1
57.b4 Rg8 58.a6 h4 59.b5 h3 60.a7 h2 61.Rc1 Kd5 62.b6 h1=Q 63.Rxh1 Kc6 64.Ra1 Ra8
65.Kb3 Kxb6 66.Kb4 Kc6 67.Kc4 Kd6 68.Ra5 Kc6 69.Ra6+ Kb7 70.Kb5  1-0

[Event "TCh-RUS HL"]
[Site "Sochi RUS"]
[Date "2007.05.09"]
[Round "7"]
[White "Olenin,N"]
[Black "Nagibin,G"]
[Result "0-1"]
[WhiteElo "2409"]
[BlackElo "2330"]

1.e4 c5 2.Nf3 d6 3.d4 cxd4 4.Nxd4 Nf6 5.Nc3 Nc6 6.Bg5 Bd7 7.Qd2 Rc8 8.f4 h6
9.Bxf6 gxf6 10.O-O-O h5 11.Kb1 Nxd4 12.Qxd4 Qa5 13.Be2 Qc5 14.Qd3 e6 15.h4 a6
16.Bf3 Bh6 17.g3 Bc6 18.Rhe1 Rg8 19.f5 Qe5 20.fxe6 fxe6 21.Qxd6 Qxd6 22.Rxd6 Ke7
23.Rd3 Rxg3 24.Bxh5 Rcg8 25.Ne2 Re3 26.Bf3 f5 27.Rxe3 Bxe3 28.Nc1 f4 29.Nd3 Rg3
30.Rf1 Kf6 31.Nb4 Bb5 32.Nd3 e5 33.b3 Bd7 34.Bd1 Bh3 35.Re1 Bg2 36.Nb2 b5
37.Bh5 Bxe4 38.Nd1 Rg1 39.Rxg1 Bxg1 40.Kc1 Kf5 41.Kd2 Bc6 42.c4 b4 43.Bf7 e4
44.Bd5 Be8 45.Ke1 Bh5 46.Nf2 e3 47.Nd3 Bh2 48.Kf1 f3 49.Ne1 Kf4 50.Nd3+ Kg3
51.c5 e2+ 52.Ke1 Bg1 53.Bxf3 Bxf3 54.c6 Bd4 55.Kd2 Bc3+ 56.Ke3 e1=Q+ 57.Nxe1 Bxe1
58.c7 Bb7 59.h5 Bc3 60.h6 Kg4 61.h7 Kf5 62.Kd3 Kg6 63.Kc4 Kxh7 64.a3 a5 65.axb4 axb4  0-1

[Event "25th Liechtenstein Open"]
[Site "Triesen LIE"]
[Date "2007.05.12"]
[Round "2"]
[White "Zenklusen,R"]
[Black "Polzin,J"]
[Result "0-1"]
[WhiteElo "2411"]
[BlackElo "1973"]

1.e4 c5 2.Nf3 Nc6 3.d4 cxd4 4.Nxd4 d6 5.Nc3 Nf6 6.Bg5 e6 7.Qd2 Be7 8.O-O-O a6
9.f4 Qc7 10.Be2 O-O 11.Bf3 Rb8 12.h4 Na5 13.Qe2 Re8 14.Rhe1 b5 15.e5 dxe5
16.fxe5 Nd7 17.Bxe7 Rxe7 18.Nf5 Re8 19.Nd6 Rf8 20.Rd4 b4 21.Na4 Nc5 22.Nxc5 Qxc5
23.Red1 b3 24.Kb1 bxa2+ 25.Kxa2 Qb6 26.b3 Nxb3 27.Nc4 Nxd4 28.Qd3 Qb4 29.Qxd4 Qa4+
30.Na3 Qxd4 31.Rxd4 Bb7 32.Be2 Rfd8 33.Ra4 Bd5+ 34.Ka1 Bxg2 35.Nc4 Be4 36.Na5 Bxc2
37.Rc4 Bd3 38.Bxd3 Rxd3 39.Ka2 h6 40.Nc6 Rb6  0-1

[Event "25th Liechtenstein Open"]
[Site "Triesen LIE"]
[Date "2007.05.16"]
[Round "6"]
[White "Henrichs,T"]
[Black "Hommeles,T"]
[Result "1/2-1/2"]
[WhiteElo "2512"]
[BlackElo "2386"]

1.e4 c5 2.Nf3 d6 3.d4 cxd4 4.Nxd4 Nf6 5.Nc3 Nc6 6.Bg5 e6 7.Qd2 a6 8.O-O-O Bd7
9.f3 b5 10.Nxc6 Bxc6 11.Ne2 Rc8 12.Nd4 Bb7 13.Be3 Qc7 14.Kb1 Be7 15.g4 Nd7
16.g5 Ne5 17.h4 Nxf3 18.Nxf3 Bxe4 19.Be2 Bxc2+ 20.Ka1 Bxd1 21.Rxd1 O-O 22.Bd3 Qb7
23.Nd4 Bd8 24.h5 Bb6 25.g6 Bxd4 26.Bxd4 fxg6 27.hxg6 h6 28.Bc2 Qf3 29.Bb3 d5
30.Re1 Rf4 31.Bc3 Re4 32.a3 d4 33.Rxe4 Qxe4 34.Qxd4 Qxd4 35.Bxe6+ Kh8 36.Bxd4 Rc6
37.Bf7 h5 38.Ka2 Rd6 39.Be5 Rd3 40.Kb1 h4 41.Kc2 Re3 42.Bb8 Re2+ 43.Kc3 Rg2
44.b3 h3 45.Kb4 h2 46.Bxh2 Rxh2 47.Ka5 Ra2 48.Kxa6 Rxa3+ 49.Kxb5 Rxb3+ 50.Bxb3  1/2-1/2

[Event "Stuttgarter Stadtmeisterschaft"]
[Site "Gerlingen GER"]
[Date "2007.05.17"]
[Round "1"]
[White "Zikeli,S"]
[Black "Lobzhanidze,D"]
[Result "0-1"]
[WhiteElo "2077"]
[BlackElo "2450"]

1.e4 c5 2.Nf3 d6 3.d4 cxd4 4.Nxd4 Nf6 5.Nc3 Nc6 6.Bg5 e6 7.Qd2 Qb6 8.Nb3 a6
9.f3 Be7 10.O-O-O O-O 11.h4 Rd8 12.Be3 Qc7 13.Qf2 Nd7 14.g4 b5 15.g5 b4 16.Ne2 a5
17.Kb1 a4 18.Nbc1 b3 19.cxb3 axb3 20.Nc3 bxa2+ 21.Ka1 Nc5 22.h5 Na5 23.N1xa2 Bd7
24.g6 Ba4 25.h6 fxg6 26.Bxc5 Nb3+ 27.Kb1 Nxc5 28.Nxa4 Rxa4 29.Nc3 Rb4 30.hxg7 Bf6
31.Qe3 Qxg7 32.Rc1 Rdb8 33.Rh2 Rb3  0-1

[Event "16th TCh-CRO"]
[Site "Sibenik CRO"]
[Date "2007.05.18"]
[Round "2"]
[White "Matkovic,T"]
[Black "Jankovic,A"]
[Result "0-1"]
[WhiteElo "2280"]
[BlackElo "2541"]

1.e4 c5 2.Nf3 Nc6 3.d4 cxd4 4.Nxd4 Nf6 5.Nc3 d6 6.Bg5 e6 7.Qd2 a6 8.O-O-O Bd7
9.f4 b5 10.Re1 h6 11.Bxf6 gxf6 12.Kb1 h5 13.Nxc6 Bxc6 14.Bd3 b4 15.Nd5 a5
16.Qf2 Bg7 17.Rhf1 f5 18.Qb6 Qxb6 19.Nxb6 fxe4 20.Bxe4 Bxe4 21.Rxe4 Ra6 22.Na4 Rc6
23.Rf3 Ke7 24.a3 bxa3 25.Rxa3 Rb8 26.Rf3 d5 27.Ree3 Rc4 28.Rb3 Rxb3 29.cxb3 Re4
30.Rh3 Rxf4 31.Rxh5 Rf1+ 32.Ka2 Rf2 33.Rg5 Bf6 34.Rg4 e5 35.b4 axb4 36.Kb3 e4
37.Kxb4 e3 38.Kc5 e2  0-1

[Event "16th TCh-CRO"]
[Site "Sibenik CRO"]
[Date "2007.05.18"]
[Round "2"]
[White "Pavasovic,D"]
[Black "Palac,M"]
[Result "1-0"]
[WhiteElo "2567"]
[BlackElo "2568"]

1.e4 c5 2.Nf3 Nc6 3.d4 cxd4 4.Nxd4 Nf6 5.Nc3 d6 6.Bg5 e6 7.Qd2 a6 8.O-O-O Bd7
9.f3 h6 10.Be3 b5 11.g4 Ne5 12.a3 Rb8 13.h4 Qc7 14.Be2 g6 15.g5 hxg5 16.hxg5 Rxh1
17.Rxh1 Nh5 18.f4 Nc4 19.Qd3 Ng3 20.Rh8 a5 21.Bf2 Nxe2+ 22.Qxe2 Qb7 23.Nd5 Rc8
24.Nf6+ Ke7 25.f5 gxf5 26.Nxf5+ exf5 27.Nd5+ Ke8 28.Qh5 Be6 29.Rxf8+ Kd7
30.Rxf7+  1-0

[Event "3rd UKR Games Men"]
[Site "Evpatoria UKR"]
[Date "2007.05.21"]
[Round "1"]
[White "Kobyliansky,I"]
[Black "Shishkin,Va UKR"]
[Result "1/2-1/2"]
[WhiteElo "2397"]
[BlackElo "2515"]

1.e4 c5 2.Nf3 Nc6 3.d4 cxd4 4.Nxd4 Nf6 5.Nc3 d6 6.Bg5 Qb6 7.Nb3 e6 8.Bd3 Be7
9.O-O a6 10.a4 Bd7 11.Qe2 Ne5 12.a5 Qc7 13.f4 Nxd3 14.cxd3 Bc6 15.Kh1 O-O
16.Na4 Bxa4 17.Rxa4 Rfc8 18.Rc4 Qd7 19.Nd4 Rxc4 20.dxc4 Rc8 21.Rd1 Ne8 22.Bxe7 Qxe7
23.b4 Qc7 24.Rc1 d5 25.exd5 exd5 26.Nf5 Kf8 27.c5 Nf6 28.Qf3 Qd7 29.Nd4 Re8
30.h3 Re4 31.c6 bxc6 32.Nxc6 Qc7 33.Qa3 Qd6 34.Qd3 Qxf4 35.Rf1 Qc7 36.Qxa6 Nh5
37.Qb6 Ng3+ 38.Kg1 Ne2+ 39.Kh1 Ng3+ 40.Kg1 Ne2+  1/2-1/2

[Event "50th TCh-SRB Cup"]
[Site "Mataruska Banja SRB"]
[Date "2007.05.21"]
[Round "1"]
[White "Savicevic,V"]
[Black "Nevednichy,V"]
[Result "1/2-1/2"]
[WhiteElo "2325"]
[BlackElo "2528"]

1.e4 c5 2.Nf3 d6 3.d4 cxd4 4.Nxd4 Nf6 5.Nc3 Nc6 6.Bg5 e6 7.Qd2 a6 8.O-O-O Bd7
9.f4 b5 10.Bxf6 gxf6 11.f5 h5 12.Kb1 Qb6 13.fxe6 fxe6 14.Nxc6 Bxc6 15.Bd3 O-O-O
16.Rhf1 Bh6 17.Qe1 Rhf8 18.Qh4 Qc5 19.Ne2 Qe5 20.Nf4 Bg5 21.Qf2 Bxf4 22.Qxf4 Qxf4
23.Rxf4 Kd7 24.Be2 Ke7 25.g3 Rh8 26.Rdf1 Rh6 27.Rh4 Rg8 28.b4 Rg5 29.Kb2 Rh8
30.Bd3 Rg6 31.Rff4 Rhg8 32.a4 Rb8 33.axb5 axb5 34.Be2 Rh8 35.Rf1 Ra8 36.Rhf4 Rf8
37.Ra1 Rh8 38.Raf1 Rh7  1/2-1/2

[Event "1st WCh-Team Women"]
[Site "Ekaterinburg RUS"]
[Date "2007.05.22"]
[Round "3"]
[White "Schoene,Mar"]
[Black "Khukhashvili,S"]
[Result "1/2-1/2"]
[WhiteElo "2151"]
[BlackElo "2334"]

1.e4 c5 2.Nf3 Nc6 3.d4 cxd4 4.Nxd4 Nf6 5.Nc3 d6 6.Bg5 e6 7.Qd2 a6 8.O-O-O Be7
9.f3 Nxd4 10.Qxd4 Qc7 11.h4 b5 12.Kb1 Bb7 13.Qd2 Rc8 14.Ne2 h6 15.Be3 d5
16.e5 Nd7 17.f4 h5 18.Nd4 g6 19.Rg1 Nb6 20.Bd3 Nc4 21.Qe1 Bc5 22.g4 hxg4
23.Rxg4 Qe7 24.h5 Rxh5 25.Rxg6 Rh3 26.Rg3 Nxe3 27.Rxe3 Rh4 28.c3 Rxf4 29.Rh3 Qg5
30.Rh7 Ke7 31.Qh1 Rg8 32.a3 Rg7 33.Rxg7 Qxg7 34.Rg1 Qxe5 35.Rg8 Bxd4 36.cxd4 Qxd4
37.Bc2 Qf6 38.Ka2 Rf1 39.Qh2 Qf4 40.Qh8 Qf6 41.Re8+ Kd7 42.Qf8 Rf2 43.Rb8 Kc7
44.Re8 Rxc2 45.Re7+ Kc6 46.Qe8+ Kd6 47.Rd7+ Ke5 48.Rxf7 Qh4 49.Qb8+ Ke4 50.Qg8 Re2
51.Rxb7 Kd3 52.Rc7 d4 53.Qg6+ Qe4 54.Qg3+ Kd2 55.Qg1 Qd5+ 56.b3 Kd3+ 57.Ka1 Qe5
58.Rc1 Ke4 59.Qh1+ Ke3 60.Qg1+ Kd3 61.Qf1 Qh2 62.Qf3+ Kd2 63.Kb1 Qh7+ 64.Kb2 Qf5
65.Qg3 d3 66.Qg1 Qf6+ 67.Kb1 Qf2 68.Qg5+ Qe3 69.Qg7 e5 70.Qg4 a5 71.Qc8 b4
72.axb4 axb4 73.Qg4 e4 74.Qg7 Qf4 75.Qd4 Rf2 76.Qxb4+ Ke2 77.Qe1+ Kf3 78.Qh1+ Ke3
79.Qe1+ Re2 80.Qg1+ Qf2 81.Qg5+ Kf3 82.Qf5+ Kg3 83.Qg5+ Kf3 84.Qf5+ Ke3 85.Qg5+ Kf3  1/2-1/2

[Event "3rd UKR Games Women"]
[Site "Evpatoria UKR"]
[Date "2007.05.22"]
[Round "2"]
[White "Orlyanskaya,D"]
[Black "Balbashova,V"]
[Result "1/2-1/2"]
[WhiteElo "2104"]
[BlackElo "2129"]

1.e4 c5 2.Nf3 d6 3.d4 cxd4 4.Nxd4 Nf6 5.Nc3 Nc6 6.Bg5 g6 7.Bxf6 exf6 8.Bc4 Bg7
9.Ndb5 O-O 10.Qxd6 f5 11.O-O fxe4 12.Qxd8 Rxd8 13.Nxe4 Bxb2 14.Rad1 Kg7 15.Rxd8 Nxd8
16.c3 a6 17.Nc7 Ra7 18.Ne8+ Kf8 19.N8f6 Ba3 20.Nxh7+ Kg7 21.Nhf6 b5 22.Bb3 Be6
23.Rd1 Be7 24.Nd5 Bxd5 25.Rxd5 Ne6 26.g3 Rc7 27.Rd3 Nc5 28.Nxc5 Bxc5 29.Kg2 Be7
30.a4 bxa4 31.Bxa4 Bf6 32.Rd6 a5 33.Rc6 Rxc6 34.Bxc6 Bxc3 35.Kf3 Bd4 36.Ke2 Kf6
37.f4 Ke6 38.Kf3 f6 39.Be8 g5 40.fxg5 fxg5 41.Kg4 Be3 42.h4 gxh4 43.gxh4 Kd5  1/2-1/2

[Event "50th TCh-SRB Cup"]
[Site "Mataruska Banja SRB"]
[Date "2007.05.22"]
[Round "2"]
[White "Pikula,D"]
[Black "Damljanovic,B"]
[Result "0-1"]
[WhiteElo "2512"]
[BlackElo "2585"]

1.e4 c5 2.Nf3 d6 3.d4 cxd4 4.Nxd4 Nf6 5.Nc3 Nc6 6.Bg5 e6 7.Qd2 Be7 8.O-O-O Qb6
9.Nb3 O-O 10.f3 a6 11.g4 Qc7 12.Be3 b5 13.g5 Nd7 14.f4 Nb6 15.Bd3 b4 16.Ne2 a5
17.Nbd4 Nxd4 18.Bxd4 Nc4 19.Bxc4 Qxc4 20.b3 Qc7 21.Ng3 e5 22.Bb2 Bg4 23.Rdf1 Rfc8
24.Rf2 a4 25.h3 axb3 26.hxg4 bxa2 27.Ba1 b3 28.c3 exf4 29.Qxf4 Qxc3+  0-1

[Event "50th TCh-SRB Cup"]
[Site "Mataruska Banja SRB"]
[Date "2007.05.23"]
[Round "3"]
[White "Popovic,Du"]
[Black "Perunovic,Mil"]
[Result "1/2-1/2"]
[WhiteElo "2557"]
[BlackElo "2562"]

1.e4 c5 2.Nf3 Nc6 3.d4 cxd4 4.Nxd4 Nf6 5.Nc3 d6 6.Bg5 e6 7.Qd2 Be7 8.O-O-O Nxd4
9.Qxd4 O-O 10.f4 h6 11.Bh4 Qa5 12.Bc4 e5 13.fxe5 dxe5 14.Qd3 Bg4 15.Bxf6 Bxf6
16.Rdf1 Bh4 17.h3 Be6 18.Kb1 Qc5 19.Bd5 Rab8 20.Qe2 b5 21.Rf3 a6 22.Rd1 Rbc8
23.Rfd3 Bf2 24.Bxe6 fxe6 25.Rd7 Rf6 26.Qg4 Qf8 27.a3 Kh7 28.Qh5 Qc5 29.g4 Rg6
30.h4 b4 31.axb4 Qxb4 32.g5 Rb8 33.Rxg7+ Rxg7 34.Qxh6+ Kg8 35.Qxe6+ Rf7 36.Qg6+  1/2-1/2

[Event "Capo d'Orso"]
[Site "Porto Mannu PAL"]
[Date "2007.05.23"]
[Round "5"]
[White "Figus,M"]
[Black "Rowson,J"]
[Result "0-1"]
[WhiteElo "1919"]
[BlackElo "2594"]

1.e4 c5 2.Nf3 Nc6 3.d4 cxd4 4.Nxd4 Nf6 5.Nc3 d6 6.Bg5 e6 7.Qd2 a6 8.O-O-O h6
9.Bh4 Nxe4 10.Nxe4 Qxh4 11.f4 d5 12.g3 Qd8 13.Nxc6 bxc6 14.Qc3 Qb6 15.Nd2 Qc5
16.Qe5 Rg8 17.Bg2 Bd6 18.Qh5 a5 19.Rhe1 a4 20.Nb1 Kf8 21.f5 exf5 22.Qh4 Be6
23.Rd4 Be7  0-1

[Event "ch-USA"]
[Site "Stillwater USA"]
[Date "2007.05.23"]
[Round "9"]
[White "Langer,M USA"]
[Black "Gurevich,D"]
[Result "1/2-1/2"]
[WhiteElo "2315"]
[BlackElo "2518"]

1.e4 c5 2.Nf3 d6 3.d4 cxd4 4.Nxd4 Nf6 5.Nc3 Nc6 6.Bg5 e6 7.Qd2 Be7 8.O-O-O O-O
9.f4 h6 10.Bh4 e5 11.Nf5 Bxf5 12.exf5 exf4 13.Qxf4 d5 14.Kb1 d4 15.Bxf6 Bxf6
16.Ne4 Rc8 17.Nxf6+ Qxf6 18.Bd3 Rfd8 19.Be4 Nb4 20.g4 Nd5 21.Bxd5 Rxd5 22.Rd3 Re8
23.Rhd1 Re2 24.a3 Qc6 25.R1d2 Re1+ 26.Rd1  1/2-1/2

[Event "1st WCh-Team Women"]
[Site "Ekaterinburg RUS"]
[Date "2007.05.24"]
[Round "5"]
[White "Zawadzka,J"]
[Black "Nguyen Thi Thanh An"]
[Result "1-0"]
[WhiteElo "2348"]
[BlackElo "2284"]

1.e4 c5 2.Nf3 d6 3.d4 cxd4 4.Nxd4 Nf6 5.Nc3 Nc6 6.Bg5 Bd7 7.Nb3 e6 8.Nb5 Qb8
9.Bxf6 gxf6 10.Qh5 a6 11.Nc3 b5 12.Bd3 Ne5 13.O-O b4 14.Ne2 Nxd3 15.cxd3 Qb5
16.Qf3 Qg5 17.d4 h5 18.Rac1 Qg4 19.Qe3 Rg8 20.g3 h4 21.Nd2 Bb5 22.Nc4 Rd8
23.Rc2 Rg6 24.f3 Qg5 25.f4 Qh6 26.Qf3 hxg3 27.Nxg3 Qh3 28.Rff2 Be7 29.f5 Rg5
30.fxe6 fxe6 31.Ne3 Kd7 32.d5 Rdg8 33.dxe6+ Qxe6 34.Nf5 Qe5 35.Qe3 Bd8 36.Rg2 Ke8
37.h4 Rg4 38.h5 Bd7 39.h6 Bxf5 40.Nxf5 Bb6 41.Qxb6 Rxg2+ 42.Rxg2 Rxg2+ 43.Kxg2 Qxe4+
44.Kg3 Qe5+ 45.Kg2 Qe4+ 46.Kh2 Qxf5 47.Qb8+ Ke7 48.Qb7+ Ke8 49.h7 Qh5+ 50.Kg3 Qg5+
51.Kf3 Qh5+ 52.Ke3 Qh6+ 53.Kd3 Kf8 54.Qc8+ Kf7 55.Qg8+  1-0

[Event "3rd UKR Games Men"]
[Site "Evpatoria UKR"]
[Date "2007.05.25"]
[Round "7"]
[White "Kobyliansky,I"]
[Black "Pilavov,G"]
[Result "1/2-1/2"]
[WhiteElo "2397"]
[BlackElo "2537"]

1.e4 c5 2.Nf3 d6 3.d4 Nf6 4.Nc3 cxd4 5.Nxd4 Nc6 6.Bg5 Qa5 7.Bxf6 gxf6 8.Bb5 Bd7
9.Nb3 Qd8 10.Qh5 Rg8 11.O-O-O Bg4 12.Qd5 Bh6+ 13.Kb1 Bxd1 14.Rxd1 Rc8 15.Qh5 Bf8
16.g3 Rg5 17.Qxh7 Qb6 18.Qh3 e6 19.Nd4 Ke7 20.Bxc6 bxc6 21.f4 Rg8 22.Qf1 Bg7
23.Qc4 Rgd8 24.Re1 f5 25.Nb3 fxe4 26.Qxe4 Bxc3 27.bxc3 Rh8 28.f5 e5 29.Qg4 Rcg8
30.f6+ Kd8 31.Qc4 Rf8 32.Rd1 Kc7 33.h4 Rh6 34.Qg4 Rg6 35.Qf3 Rfg8 36.c4 Qb4
37.Qe3 Kb8 38.Qe4 Kb7 39.Qf5 Rd8 40.g4 Ka8 41.g5 Qxc4 42.Rxd6 Rgg8 43.Qxe5 Rxd6
44.Qxd6 Rb8 45.h5 a5 46.g6 a4 47.g7 Re8 48.Qf8 Qf1+ 49.Kb2 Qxf6+ 50.Kb1 Qd8
51.Qc5 axb3 52.Qxc6+ Kb8 53.Qb5+ Ka7 54.Qc5+ Kb7 55.axb3 Re6 56.Qb4+ Ka7
57.Qc5+ Kb7 58.Qb4+ Ka7  1/2-1/2

[Event "1st WCh-Team Women"]
[Site "Ekaterinburg RUS"]
[Date "2007.05.26"]
[Round "6"]
[White "Korbut,E"]
[Black "Gaponenko,I"]
[Result "0-1"]
[WhiteElo "2429"]
[BlackElo "2451"]

1.e4 c5 2.Nf3 Nc6 3.d4 cxd4 4.Nxd4 Nf6 5.Nc3 d6 6.Bg5 e6 7.Qd2 Qb6 8.Nb3 a6
9.Bxf6 gxf6 10.O-O-O Bd7 11.f4 O-O-O 12.Be2 Rg8 13.Bh5 Rg7 14.Rhf1 Na5 15.Kb1 Nc4
16.Qf2 Qxf2 17.Rxf2 Ne3 18.Rg1 Ng4 19.Re2 Bc6 20.h3 Nh6 21.Nd4 d5 22.g4 f5
23.exf5 Nxf5 24.Nxf5 exf5 25.Re5 fxg4 26.Bxg4+ Kb8 27.Rd1 f6 28.Re6 f5 29.Bxf5 Rf7
30.Bd3 Bd7 31.Re5 d4 32.Ne2 Bxh3 33.Rg1 Bc8 34.Rg8 Kc7 35.Rh8 Bg4 36.Rxh7 Rxh7
37.Bxh7 Bd6 38.Bf5 Bxe5 39.Bxg4 Rg8 40.Be6 Rg2 41.Bc4 Bxf4 42.c3 Be3 43.cxd4 Kd6
44.a4 Rg4 45.Kc2 Bxd4 46.Nxd4 Rxd4 47.Kc3 Rh4 48.a5 Ke5 49.Bf1 Rg4 50.Bc4 Rg3+
51.Kb4 Kd4 52.b3 Rg5 53.Bf1 Re5 54.Bc4 Rf5 55.Be2 Ke3 56.Bc4 Kd2 57.Be6 Rb5+
58.Kc4 Rxa5 59.b4 Rh5 60.Bc8 Rh7 61.Kb3 Rc7 62.Bf5 Ke3 63.Ka4 b6 64.Bh3 Rc1
65.Bg2 Kd4 66.Bb7 b5+ 67.Ka5 Ra1+ 68.Kb6  0-1

[Event "Okie Masters"]
[Site "Tulsa USA"]
[Date "2007.05.26"]
[Round "2"]
[White "Langer,M USA"]
[Black "Luther,R"]
[Result "1-0"]
[WhiteElo "2315"]
[BlackElo "2175"]

1.e4 c5 2.Nf3 d6 3.d4 cxd4 4.Nxd4 Nf6 5.Nc3 Nc6 6.Bg5 g6 7.Bxf6 exf6 8.Bc4 Bg7
9.Ndb5 O-O 10.O-O f5 11.Nxd6 fxe4 12.Ncxe4 Bxb2 13.Nxf7 Qxd1 14.Nfd6+ Kg7
15.Raxd1 Ne5 16.Bd5 Rb8 17.Rb1 Bd4 18.Nxb7 Bb6 19.Nbd6 Ba6 20.c4 Rbd8 21.Rfd1 h6
22.c5 Bc7 23.Nb5 Bb8 24.Nd4 Bd3 25.Ne6+ Kh8 26.Rb4 Rxd5 27.Nxf8 Nc6 28.Rxb8 Nxb8
29.Nc3 Re5 30.f4 Re8 31.Rxd3 Rxf8 32.Rd6 Kg7 33.g3 Rc8 34.Ne4 Re8 35.Rd4 Re7
36.Kf2 Nc6 37.Ra4 a5 38.Nd6 Kf6 39.Re4 Rd7 40.Ke3 Nb4 41.a3 Nc2+ 42.Kd3 Nxa3
43.Kc3 g5 44.Ra4 Rxd6 45.cxd6 Nb5+ 46.Kd3 Nxd6 47.Rxa5  1-0

[Event "50th TCh-SRB Cup"]
[Site "Mataruska Banja SRB"]
[Date "2007.05.27"]
[Round "7"]
[White "Martic,I"]
[Black "Leskur,D"]
[Result "1/2-1/2"]
[WhiteElo "2283"]
[BlackElo "2482"]

1.e4 c5 2.Nf3 d6 3.d4 cxd4 4.Nxd4 Nf6 5.Nc3 Nc6 6.Bg5 Qb6 7.Nb3 e6 8.Qd2 a6
9.O-O-O Be7 10.f4 O-O 11.Kb1 Rd8 12.Bd3 Qc7 13.g4 d5 14.Bxf6 Bxf6 15.exd5 exd5
16.g5 Bxc3 17.bxc3 a5 18.Ka1 a4 19.Nd4 Qa5  1/2-1/2

[Event "1st WCh-Team Women"]
[Site "Ekaterinburg RUS"]
[Date "2007.05.28"]
[Round "8"]
[White "Aghabekian,L"]
[Black "Przezdziecka,M"]
[Result "0-1"]
[WhiteElo "2213"]
[BlackElo "2304"]

1.e4 c5 2.Nf3 d6 3.d4 cxd4 4.Nxd4 Nf6 5.Nc3 Nc6 6.Bg5 e6 7.Qd2 a6 8.O-O-O Bd7
9.f4 b5 10.Bxf6 gxf6 11.Nxc6 Bxc6 12.f5 b4 13.Ne2 Qa5 14.Kb1 Bxe4 15.fxe6 fxe6
16.Nf4 e5 17.Bd3 Bc6 18.Nh5 Be7 19.Ng7+ Kd7 20.Nf5 Rad8 21.Bc4 d5 22.Bxd5 Bxd5
23.Qxd5+ Qxd5 24.Rxd5+ Ke6 25.Nxe7 Rxd5 26.Nxd5 Kxd5 27.Rd1+ Ke6 28.c3 bxc3
29.bxc3 Rg8 30.Rd2 e4 31.Kc2 Ke5 32.g3 h5 33.Kd1 h4 34.Rg2 f5 35.Ke2 a5 36.a4 hxg3
37.hxg3 Rc8 38.Kd2 Rc4 39.Rh2 Rxa4 40.Rh8 Ra2+ 41.Ke1 a4 42.Re8+ Kd5 43.Rf8 Ke6
44.Re8+ Kf7 45.Re5 Kf6 46.Re8 a3 47.g4 Ra1+ 48.Kf2 a2 49.Rf8+ Kg7 50.Rxf5 Rh1  0-1

[Event "ch-St Petersburg"]
[Site "St Petersburg RUS"]
[Date "2007.05.29"]
[Round "1"]
[White "Anisimov,P"]
[Black "Loginov,Va"]
[Result "1/2-1/2"]
[WhiteElo "2497"]
[BlackElo "2496"]

1.e4 c5 2.Nf3 d6 3.d4 cxd4 4.Nxd4 Nf6 5.Nc3 Nc6 6.Bg5 Bd7 7.Qd2 h6 8.Bxf6 gxf6
9.O-O-O Nxd4 10.Qxd4 Qa5 11.f4 Rc8 12.f5 Qc5 13.Qd3 h5 14.Kb1 Bh6 15.Nd5 h4
16.Be2 Bg5 17.Rhf1  1/2-1/2

[Event "Doroshkevich Mem"]
[Site "Belorechensk RUS"]
[Date "2007.05.30"]
[Round "2"]
[White "Krivenko,S"]
[Black "Zakarzhaev,M"]
[Result "0-1"]
[WhiteElo "2142"]
[BlackElo "2155"]

1.e4 c5 2.Nf3 d6 3.d4 cxd4 4.Nxd4 Nf6 5.Nc3 Nc6 6.Bg5 e6 7.Qd2 a6 8.f3 Be7
9.O-O-O Qc7 10.g4 b5 11.Be3 Na5 12.Bd3 Bb7 13.g5 Nd7 14.h4 Ne5 15.h5 Nac4
16.Bxc4 Nxc4 17.Qe2 Rc8 18.Rdg1 b4 19.Nd1 Nxe3 20.Nxe3 Qa5 21.Kb1 Qe5 22.Nb3 h6
23.g6 Bf6 24.Nd1 O-O 25.Nc1 a5 26.Rh3 Qc5 27.Rg2 a4 28.Nd3 Qb5 29.Nf4 Qxe2
30.Rxe2 e5 31.gxf7+ Rxf7 32.Ng2 d5 33.Nde3 dxe4 34.fxe4 Bxe4 35.Nd1 b3 36.axb3 axb3  0-1

[Event "Doroshkevich Mem"]
[Site "Belorechensk RUS"]
[Date "2007.05.30"]
[Round "2"]
[White "Anoshkin,A"]
[Black "Kryakvin,D"]
[Result "1/2-1/2"]
[WhiteElo "2363"]
[BlackElo "2539"]

1.e4 c5 2.Nf3 d6 3.d4 cxd4 4.Nxd4 Nf6 5.Nc3 Nc6 6.Bg5 e6 7.Qd2 Be7 8.O-O-O O-O
9.Nb3 Qb6 10.f3 Rd8 11.Nb5 Rd7 12.Be3 Qd8 13.N5d4 e5 14.Nxc6 bxc6 15.Na5 Qc7
16.Qc3 Bb7 17.Qb4 Qb8 18.Rd3 d5 19.Qa4 d4 20.Bd2 Bc5 21.Rb3 Bb6 22.Qb4 c5
23.Qb5 Qc7 24.Nxb7 Qxb7 25.g4 Qc8 26.Qa6 Qd8  1/2-1/2